[Event "Sachsen-ch U14 Girls"]
[Site "Sebnitz"]
[Date "2012.04.12"]
[Round "4"]
[White "Schlemmer, Elisabeth"]
[Black "Zimmermann, Lena"]
[Result "1-0"]
[WhiteElo "1390"]
[BlackElo "732"]
[PlyCount "65"]
[EventDate "2012.04.10"]
[EventType "swiss"]
[EventRounds "7"]
[EventCountry "GER"]
[SourceTitle "CBM 148 Extra"]
[Source "ChessBase"]
[SourceDate "2012.06.22"]
[SourceVersion "1"]
[SourceVersionDate "2012.06.22"]
[SourceQuality "1"]

1. e4 e5 2. Nf3 Nc6 3. d4 exd4 4. Bc4 Nf6 5. e5 Ne4 6. 0-0 Bc5 7. Bd5 Nxe5 8. Bxe4 Ng4 9. h3 Nf6 10. Bg5 d5 11. Bxf6 Qxf6 12. Bxd5 Bf5 13. Re1+ Kd8 14. c3 d3 15. Bc4 Qb6 16. Rf1 Re8 17. Bxd3 Bd7 18. b4 Bd6 19. Bxh7 g6 20. Ng5 Qb5 21. Nxf7+ Kc8 22. Bxg6 Be6 23. Nxd6+ cxd6 24. Bxe8 Qxe8 25. Qxd6 Bd7 26. Nd2 Bc6 27. Qg3 Qd7 28. Nc4 Qd5 29. Nd6+ Kd8 30. Rad1 Qe6 31. Nf7+ Ke8 32. Rfe1 Qe7 33. Qg8# 1-0

[Event "Sachsen-ch U14 Girls"]
[Site "Sebnitz"]
[Date "2012.04.11"]
[Round "3"]
[White "Hruschka, Donnice"]
[Black "Zimmermann, Lena"]
[Result "1-0"]
[WhiteElo "955"]
[BlackElo "732"]
[PlyCount "33"]
[EventDate "2012.04.10"]
[EventType "swiss"]
[EventRounds "7"]
[EventCountry "GER"]
[SourceTitle "CBM 148 Extra"]
[Source "ChessBase"]
[SourceDate "2012.06.22"]
[SourceVersion "1"]
[SourceVersionDate "2012.06.22"]
[SourceQuality "1"]

1. e4 e5 2. Bc4 Nf6 3. Nc3 Bc5 4. Nf3 Nc6 5. d3 0-0 6. Bg5 d6 7. 0-0 Bg4 8. h3 Bh5 9. Re1 h6 10. Bh4 Re8 11. Nd5 Kh8 12. Nxf6 Rf8 13. Nxh5 Qc8 14. Qc1 Bb4 15. Bf6 gxf6 16. Qxh6+ Kg8 17. Qg7# 1-0